10 Most Populated Countries in Asia - Statistics

General Stats
  • This quiz has been taken 20 times
  • The average score is 9 of 10
Answer Stats
# Amount of People Answer % Correct
2 1.41 B China
100%
1 1.47 B India
100%
3 287 M Indonesia
95%
6 122 M Japan
95%
4 259 M Pakistan
95%
8 102 M Vietnam
95%
5 177 M Bangladesh
90%
9 93 M Iran
90%
7 117 M Philippines
85%
10 87 M Turkey
80%
No matching quizzes found
Score Distribution
Percent of People with Each Score
Percentile by Number Answered
Your Score History
You have not taken this quiz